Historia de la poesía lírica española
Saved in:
| Main Author: | |
|---|---|
| Format: | Book |
| Language: | Spanish |
| Published: |
Barcelona
Labor
1948
|
| Edition: | 2a. ed |
| Series: | Biblioteca de Iniciación Cultural. Colección Labor. Sección Ciencias Literarias, 3
|
| Subjects: | |
| Tags: |
Add Tag
No Tags, Be the first to tag this record!
|
MARC
| LEADER | 00000cam a2200000 a 4500 | ||
|---|---|---|---|
| 001 | UCX3182 | ||
| 003 | CL-VaPUC | ||
| 008 | 911009e19480000SP |||||||||||||||||spa|d | ||
| 082 | 0 | 4 | |a 861.09 |b DIA |2 21 |
| 100 | 0 | |a Díaz-Plaja, Guillermo |e author |9 319261 | |
| 245 | 1 | 0 | |a Historia de la poesía lírica española |
| 250 | |a 2a. ed | ||
| 300 | |a 456 p | ||
| 942 | |c BK | ||
| 945 | |d 19911009 00:00:00 | ||
| 260 | |a Barcelona |b Labor |c 1948 | ||
| 650 | 0 | |a Poesía española |9 264938 | |
| 650 | 0 | |a Historia y crítica |9 257407 | |
| 650 | 7 | |a POESIA LIRICA |2 CL-VaPUC |9 319262 | |
| 583 | |a last modification |c 20120620 11:14:00 |k Rodrigo Vera | ||
| 490 | 0 | |a Biblioteca de Iniciación Cultural. Colección Labor. Sección Ciencias Literarias, 3 | |
| 999 | |c 223992 |d 223990 | ||
| 952 | |0 0 |1 0 |4 0 |6 861_090000000000000_DIA_1948 |7 0 |8 A |9 220314 |a BIBEDU |b BIBEDU |d 2019-11-15 |i 2890534 |o 861.09 DIA 1948 |p 2890534 |r 2019-11-15 |w 2019-11-15 |y BK |k LIT | ||
| 952 | |0 0 |1 0 |4 0 |6 861_090000000000000_DIA_1948 |7 0 |8 A |9 220315 |a BIBEDU |b BIBEDU |d 2019-11-15 |i 3240770 |o 861.09 DIA 1948 |p 3240770 |r 2019-11-15 |w 2019-11-15 |y BK |k LIT | ||
| 952 | |0 0 |1 0 |4 0 |6 861_090000000000000_DIA_1948 |7 0 |8 A |9 220316 |a BIBEDU |b BIBEDU |d 2019-11-15 |i 4831551 |o 861.09 DIA 1948 |p 4831551 |r 2019-11-15 |w 2019-11-15 |y BK |k LIT | ||